000 01031nam a2200229Ii 4500
003 JO-AjNU
008 230605s9999||||xx |||||||||||||| ||und||
017 _a16/0467
020 _a9960-03-062-8
040 _aJO-AjNU
_bara
_erda
_cJO-AjNU
041 _aara
050 1 4 _aHC415.15.N35.1996
100 3 _aنقلي،عصام عباس محمد علي؛ اشراف ربيع محمود الروبي/احمد عبدالرزاق الكبيسي,
_eauthor
_941062
245 0 0 _aتحليل الفكر الاقتصادي في العصر العباسي الاول ومدى الاستفادة منه في الاقتصاد المعاصر
264 3 1 _aمكة:مركز بحوث الدراسات الاسلامية،1996
300 _a568ص
_bاطروحة ماجستير في الاقتصاد الاسلامي
336 _atext
_btxt
_2rdacontent
337 _aunmediated
_bn
_2rdamedia
338 _avolume
_bnc
_2rdacarrier
490 0 _aبحوث الدراسات الاسلامية
650 4 _aالاقتصاد الاسلامي
_941063
999 _aA17476
_c21044
_d21044